'Sounds the Same' Slideshow IV Quiz Stats

 Plays Quiz Updated May 9, 2015

Score 0/18 Timer 05:00
1 Play Today
% Correct
bare & bear
97.2%
mail & male
96.7%
peak & peek
93.4%
Prince & prints
91.7%
bites & bytes
88.3%
walk & wok
87.8%
pare & pear
84.4%
steal & steel
80.4%
tide & tied
79.7%
% Correct
oar & ore
79.3%
oil & Oyl
77.4%
lay & lei
76.5%
exercise & exorcise
69.6%
shoe & shoo
59.5%
pearl & purl
58.3%
billed & build
51.3%
soar & sore
43.7%
graft & graphed
36.1%

You're not logged in!

Compare scores with friends on all Sporcle quizzes.
OR
Log In

You Might Also Like...

Show Comments

Extras

Top Quizzes Today


Score Distribution

Your Account Isn't Verified!

In order to create a playlist on Sporcle, you need to verify the email address you used during registration. Go to your Sporcle Settings to finish the process.

Report this User

Report this user for behavior that violates our Community Guidelines.

Details: